Stedman bilingüe. Diccionario de ciencias médicas. (Registro nro. 480)

Detalles MARC
000 -LEADER
fixed length control field 01072cam a2200301 a 4500
005 - FECHA ULTIMA MODIFICACION
control field 20240321132843.0
008 - CAMPO DE CONTROL (LIBRO)
fixed length control field 100706s2004||||ag f |||| 00| 0 spa d
020 ## - INTERNATIONAL STANDARD BOOK NUMBER
ISBN 9500620065
041 ## - CODIGO DE IDIOMA
Código de idioma del texto/pista de sonido o título separado spa
041 ## - CODIGO DE IDIOMA
Código de idioma del texto/pista de sonido o título separado eng
092 ## - SIGNATURA TOPOGRAFICA DEWEY LOCAL
número de clasificación 610.3
libristica 81
sección STE
245 ## - TITULO PROPIAMENTE DICHO
Título Stedman bilingüe. Diccionario de ciencias médicas.
Subtítulo y Título paralelo Inglés-Español - Español-Inglés /
Mención de responsabilidad y remanente de la transcripción de la portada William K. Beatty
250 ## - MENCION DE EDICION
Mención de edición 1a ed. 2a reimp.
260 ## - PIE DE IMPRENTA
Lugar de publicación, distribución, etc Buenos Aires:
Nombre de la editorial, distribuidor, etc Editorial Médica Panamericana;
Fecha de publicación 2001.
300 ## - DESCRIPCION FISICA
Extension 1634 p.
500 ## - NOTA GENERAL
Nota general Beatty, W. K. et al. (2001). Stedman bilingüe. Diccionario de ciencias médicas. inglés/español - español/inglés. (1a ed.). Buenos Aires : Editorial Médica Panamericana.
653 ## - TÉRMINO INDIZADO - PALABRAS CLAVES
Palabra clave Diccionario
700 1# - ENTRADAS SECUNDARIAS - NOMBRE PERSONAL
Nombre personal Beatty, William K.
Función Consultor
9 (RLIN) 1779
700 1# - ENTRADAS SECUNDARIAS - NOMBRE PERSONAL
Nombre personal Borycewicz, Mary L.
Función Cols.
9 (RLIN) 1780
700 1# - ENTRADAS SECUNDARIAS - NOMBRE PERSONAL
Nombre personal duh, Show-Hong
9 (RLIN) 1781
700 1# - ENTRADAS SECUNDARIAS - NOMBRE PERSONAL
Nombre personal Koch, Thomas R.
Función Cols.
9 (RLIN) 1782
700 1# - ENTRADAS SECUNDARIAS - NOMBRE PERSONAL
Nombre personal Schaffner, David L.
Función Cols.
9 (RLIN) 1783
700 1# - ENTRADAS SECUNDARIAS - NOMBRE PERSONAL
Nombre personal Sequeiros, Jorge
Función Cols.
9 (RLIN) 1784
930 ## - NUMERO DE INVENTARIO
Número de inventario 1256
930 ## - NUMERO DE INVENTARIO
Número de inventario 1257
930 ## - NUMERO DE INVENTARIO
Número de inventario 1319
942 ## - ADDED ENTRY ELEMENTS (KOHA)
Source of classification or shelving scheme Dewey Decimal Classification
Item type Libros
Existencias
Estado de retiro Existencia Fuente de clasificación Estado general No para prestamo Colección Ubicación permanente ubicación actual Sala de ubicación Fecha de adquisición Total Checkouts Número de clasificación Código de barras Date last seen Date last borrowed Número de ejemplar Price effective from Koha tipo de elemento (item) Public note Coded location qualifier Total Renewals
    Dewey Decimal Classification     Reference Biblioteca Medicina Biblioteca Medicina Referencia 13/05/2011 5 610.3 81 STE 1256 11/08/2016 26/07/2016 Ej.1 13/05/2011 Reference LIBRO DE CONSULTA. Hemeroteca 2022    
    Dewey Decimal Classification       Biblioteca Medicina Biblioteca Medicina Circulación 13/05/2011 44 610.3 81 STE 1257 04/10/2018 02/10/2018 Ej.2 13/05/2011 Libros Hemeroteca 2022    
    Dewey Decimal Classification       Biblioteca Medicina Biblioteca Medicina Circulación 13/05/2011 34 610.3 81 STE 1319 13/03/2020 28/02/2020 Ej.3 13/05/2011 Libros Hemeroteca 2022   4
    Dewey Decimal Classification       Biblioteca Medicina Biblioteca Medicina Circulación 10/04/2015 13 610.3 81 STE 3472 03/10/2018 02/10/2018 Ej.4 10/04/2015 Libros Hemeroteca 2022. Donacion Marisa Urrere. Abril 2015.   2

UNIVERSIDAD NACIONAL DEL COMAHUE
Biblioteca de la Facultad de Ciencias Médicas
Sede Toschi: Los Arrayanes y Av. Toschi, Cipolletti  - Rio Negro
Sede Los Tordos:  Yrigoyen al 2211, Cipolletti - Rio Negro 

Teléfono: 0299 - 4774707 int 25
Contacto: biblioteca@facimed.uncoma.edu.ar
© 2011 - 2026